| 000 | 00479pab a2200169 454500 | ||
|---|---|---|---|
| 008 | 180718b2005 xxu||||| |||| 00| 0 eng d | ||
| 100 | _aWilliams, Andrew Paul | ||
| 245 | _aCandidate campaign e-mail messages in the Presidential election 2004 | ||
| 260 | _c2005 | ||
| 300 | _ap.560-74. | ||
| 362 | _aDec | ||
| 650 | _aUnited States. President - Elections | ||
| 650 | _aPresidents | ||
| 700 | _aTrammell, Kaye D. | ||
| 773 | _aAmerican Behavioral Scientist | ||
| 909 | _a68053 | ||
| 999 |
_c68053 _d68053 |
||